Принятие решений на основе нечетких моделей: примеры использования

Bibliografiske detaljer
Hovedforfatter: Борисов А. Н. Аркадий Николаевич
Institution som forfatter: Рижский технический университет
Andre forfattere: Крумберг О. А. Ояр Арнольдович (автор), Федоров И. П. Игорь Петрович
Sprog:russisk
Udgivet: Рига, Зинатне, 1990
Fag:
Format: MixedMaterials Bog
KOHA link:https://koha.lib.tpu.ru/cgi-bin/koha/opac-detail.pl?biblionumber=98101

MARC

LEADER 00000nam0a2200000 4500
001 98101
005 20231101214152.0
010 |a 5796604597 
020 |a RU  |b 90-50281 
035 |a (RuTPU)RU\TPU\book\105144 
090 |a 98101 
100 |a 20060613d1990 km y0rusy5003 ca 
101 0 |a rus 
102 |a LV 
105 |a a z 001zy 
200 1 |a Принятие решений на основе нечетких моделей  |e примеры использования  |f А. Н. Борисов, О. А. Крумберг, И. П. Федоров 
210 |a Рига  |c Зинатне  |d 1990 
215 |a 184 с.  |c граф. 
320 |a Библиогр.: с. 180-182. 
610 1 |a принятие решений 
610 1 |a математика 
610 1 |a нечеткие множества 
610 1 |a нечеткие модели 
675 |a 519.81  |z rus 
700 1 |a Борисов  |b А. Н.  |g Аркадий Николаевич  |4 070 
702 1 |a Крумберг  |b О. А.  |g Ояр Арнольдович  |4 070 
702 1 |a Федоров  |b И. П.  |g Игорь Петрович  |4 070 
712 0 2 |a Рижский технический университет  |2 stltpush  |3 (RuTPU)RU\TPU\col\10496  |9 24851 
801 0 |a RU  |b RuMRKP  |c 19950417  |g psbo 
801 1 |a RU  |b 63413507  |c 20060613  |g PSBO 
801 2 |a RU  |b 63413507  |c 20081101  |g PSBO 
942 |c BK